Play to win! : (Record no. 2087)
[ view plain ]
| 000 -LEADER | |
|---|---|
| fixed length control field | 00972pam a2200301 a 4500 |
| 001 - CONTROL NUMBER | |
| JCCL Control Number | 2087 |
| 003 - CONTROL NUMBER IDENTIFIER | |
| JCCL marc code | BD-JhCC |
| 005 - DATE AND TIME OF LATEST TRANSACTION | |
| control field | 20220804134023.0 |
| 008 - FIXED-LENGTH DATA ELEMENTS--GENERAL INFORMATION | |
| fixed length control field | 980317s1998 txua b 001 0 eng |
| 020 ## - INTERNATIONAL STANDARD BOOK NUMBER | |
| International Standard Book Number | 1885167318 (hardcover) |
| 035 ## - SYSTEM CONTROL NUMBER | |
| system control number | (BD-JhCC)2087 |
| 040 ## - CATALOGING SOURCE | |
| Original cataloging agency | DLC |
| Transcribing agency | DLC |
| Modifying agency | DLC |
| 041 ## - LANGUAGE CODE | |
| Language code of Book | eng |
| 050 00 - LIBRARY OF CONGRESS CALL NUMBER | |
| Classification number | BF637.S8 |
| Item number | W528 1998 |
| 082 00 - DEWEY DECIMAL CLASSIFICATION NUMBER | |
| Classification number | 158.1 |
| DDC Edition number | 21 |
| Author mark and Year | WIL 1998 |
| 100 1# - MAIN ENTRY--PERSONAL NAME | |
| Personal name | Wilson, Larry, |
| Dates associated with a name | 1930- |
| 245 10 - TITLE STATEMENT | |
| Title | Play to win! : |
| Remainder of title | choosing growth over fear in work and life / |
| Statement of responsibility, etc | Larry Wilson, Hersch Wilson ; forword by Ken Blanchard. |
| 250 ## - EDITION STATEMENT | |
| Edition statement | 1st ed. |
| 260 ## - PUBLICATION, DISTRIBUTION, ETC. (IMPRINT) | |
| Place of publication, distribution, etc | Austin, Tex. : |
| Name of publisher, distributor, etc | Bard Press, |
| Date of publication, distribution, etc | c1998. |
| 300 ## - PHYSICAL DESCRIPTION | |
| Pagination | xxiv, 251 p. : |
| Other physical details | ill. ; |
| Dimensions | 25 cm. |
| 504 ## - BIBLIOGRAPHY, ETC. NOTE | |
| Bibliography, etc | Includes bibliographical references (p. [235]-238) and index. |
| 650 #0 - SUBJECT ADDED ENTRY--TOPICAL TERM | |
| Topical term or geographic name as entry element | Success |
| General subdivision | Psychological aspects. |
| 650 #0 - SUBJECT ADDED ENTRY--TOPICAL TERM | |
| Topical term or geographic name as entry element | Success in business |
| General subdivision | Psychological aspects. |
| 650 #0 - SUBJECT ADDED ENTRY--TOPICAL TERM | |
| Topical term or geographic name as entry element | Self-management (Psychology) |
| 700 1# - ADDED ENTRY--PERSONAL NAME | |
| Personal name | Wilson, Hersch. |
| 942 ## - ADDED ENTRY ELEMENTS (KOHA) | |
| Source of classification or shelving scheme | Dewey Decimal Classification |
| Koha item type | Books |
| Koha issues (borrowed), all copies | 7 |
| Source of classification or shelving scheme | Damaged status | Not for loan | Home library | Current library | Shelving location | Date of accession | Total Checkouts | Full call number | Barcode | Date last seen | Date checked out | Copy number | Koha item type |
|---|---|---|---|---|---|---|---|---|---|---|---|---|---|
| Dewey Decimal Classification | JCC Rouf Library | JCC Rouf Library | General Stacks | 10/29/2017 | 5 | 158.1 WIL 1998 | 3133 | 08/11/2022 | 08/04/2022 | C-1 | Books |